Bardejov historické jadro mesta : reštaurované domy na námestí : Kostol sv. Egídia

Zobrazenie:

Bibliographic Details
Other Authors: Holent, Peter, 1956- (Photographer), Šurkala, J. (fotograf) (Photographer)
Format: Photo
Language:Slovak
PhysicalDescription:1 pohľadnica (3 čiastkové pohľady) farebná 15 x 11 cm
Published: Bratislava ČSTK-Pressfoto 1989
Subjects:

MARC

LEADER 00000ckm a2200000 a 4500
001 vtls001204179
003 SK-MaSNL
005 20260331203049.0
007 kf co
008 180703s1989 xo g 0kuslo
015 |a SNBG1989 
035 |a SNK000147249 
040 |a SNK  |b slo  |c SNK  |e AACR2 
041 0 |a slo 
043 |a e-xo--- 
044 |a xo  |c SK 
072 7 |a 913  |x Regionálna geografia  |2 konspekt 
080 |a 913(437.6)  |2 2011 
080 |a 904(084.121)  |2 2011 
100 1 |a Holent, Peter,  |d 1956-  |4 pht  |9 174100 
245 1 0 |a Bardejov  |h grafika  |b historické jadro mesta : reštaurované domy na námestí : Kostol sv. Egídia  |c foto: P. Holent, J. Šurkala ; výtvarný návrh: J. Smola 
246 1 |i Názov na obrazovej časti:  |a Bardejov 
260 |a Bratislava  |b ČSTK-Pressfoto  |c 1989  |e Skalica  |f Grafobal 
300 |a 1 pohľadnica (3 čiastkové pohľady)  |b farebná  |c 15 x 11 cm 
520 8 |a Zobrazenie: 
651 7 |a Bardejov (Slovensko)  |2 SNKPHgeo  |9 20040 
655 7 |a pohľadnice kultúrnych pamiatok  |2 SNKPH  |9 70523 
655 7 |a miestne pohľadnice  |2 SNKPH  |9 70510 
700 1 |a Šurkala, J.  |c (fotograf)  |4 pht  |9 302956 
700 1 |a Smola, Jozef  |c (grafik)  |4 art  |9 283315 
958 |a GBN 
958 |a GC 
958 |a OND 
999 |c 697345  |d 699275 
952 |a SNK  |b SNK  |y PREZ  |7 0  |p 17A1281041  |o snkSP 141152  |i snk1625/89  |0 0  |1 0  |4 0  |d 2021-08-10  |l 0  |r 2026-02-23 20:46:23  |w 2026-02-23 
952 |a SNK  |b SNK  |y PREZ  |7 0  |p 17A1281040  |o snkSP 141152 D1  |i snk1626/89  |0 0  |1 0  |4 0  |d 2021-08-10  |l 0  |r 2026-02-23 20:46:23  |w 2026-02-23